Szczegóły MARC21

Literatura w teorii /

003 -Nazwa inst., której nr kontr. jest w polu 001 [,]
    • @
    • Nazwa instytucji, której n kontrolny jest w polu 001
    • NUKAT
005 -DATA I CZAS OSTATNIEJ MODYFIKACJI [,]
    • @
    • pole kontrolne
    • 20250225150904.0
020 -Międzynarod. znormalizowany nr książki - ISBN [ , ]
    • a
    • Numer ISBN
    • 9788324217717 Find
040 -Instytucja sporządzająca opis [ , ]
    • a
    • Instytucja, która sporządziła opis (NP)
    • GD U/Doro
    • c
    • Instytucja, która sporządziła rekord (NP)
    • GD U/Doros
    • d
    • Instytucja, która zmodyfikowała rekord (P)
    • WR U/mts
    • d
    • Instytucja, która zmodyfikowała rekord (P)
    • WA M/HB
    • d
    • Instytucja, która zmodyfikowała rekord (P)
    • POZN U/JŁs
041 -Język dokumentu [1, ]
    • a
    • Język tekstu (P)
    • polski
    • h
    • Język tekstu oryginalnego i/lub pośredniego (P)
    • angielski
942 -Rodzaj dokumentu [ , ]
    • c
    • Rodzaj dokumentu
    • Książka
100 -Hasło główne - nazwa osobowa [1, ]
    • a
    • Nazwa osobowa (NP)
    • Culler, Jonathan
    • d
    • Daty biograficzne (NP)
    • (1944- ).
    • 9
    • KHW
    • 80763
240 -Tytuł ujednolicony [1,0]
    • a
    • Tytuł ujednolicony
    • Literary in theory
    • l
    • Język tekstu
    • (pol.)
    • 9
    • KHW
    • 471228
245 -Strefa tytułu i oznaczenia odpowiedzialności [1,0]
    • a
    • Tytuł
    • Literatura w teorii / Find
    • c
    • Pozostałe elementy strefy tytułu i oznaczenia odpowiedzialności (NP)
    • Jonathan Culler ; przekł. Maciej Maryl.
260 -Strefa adresu wydawniczego [ , ]
    • a
    • Miejsce wydania (P)
    • Kraków :
    • b
    • Nazwa wydawcy (P)
    • Towarzystwo Autorów i Wydawców Prac Naukowych Universitas,
    • c
    • Data wydania (P)
    • cop. 2013.
300 -Strefa opisu fizycznego [ , ]
    • a
    • Określenie formy książki i/lub objętość (NP)
    • 343, [2] s. ;
    • c
    • Format (NP)
    • 21 cm.
336 -Typ zawartości [ , ]
    • a
    • Termin opisujący typ zawartości
    • Tekst
    • b
    • Kod określający zawartość
    • txt
    • 2
    • Źródło (terminu i kodu)
    • rdacontent
337 -Typ mediów [ , ]
    • a
    • Tryb odtwarzania
    • Bez urządzenia pośredniczącego
    • b
    • Kod typu mediów
    • n
    • 2
    • Źródło (terminu i kodu)
    • rdamedia
338 -Typ/rodzaj nośnika [ , ]
    • a
    • Hasło opisujące typ nośnika
    • Wolumin
    • b
    • Kod typu nośnika
    • nc
    • 2
    • Źródło (terminu i kodu)
    • rdacarrier
490 -Strefa serii i książki wielotomowej - forma nie do wyszukiwania [1, ]
    • a
    • Tytuł (P)
    • Horyzonty Nowoczesności ; Find
    • v
    • Numeracja (P)
    • 102
830 -Hasło dodatkowe serii i opisu książki wielotomowej - tytuł ujednolicony/tytuł [ ,0]
    • a
    • Tytuł ujednolicony/tytuł (NP)
    • Horyzonty Nowoczesności
    • v
    • Oznaczenie tomu (NP)
    • 102
    • 9
    • KHW
    • 18918
500 -Uwaga ogólna [ , ]
    • a
    • Uwaga ogólna (NP)
    • Na s. red. i okł. ISBN zapisany: 97883-242-1771-7.
504 -Uwaga dot. bibliogr. załącznikowej [ , ]
    • a
    • Uwaga dot. bibliografii załącznikowej
    • Bibliogr. s. 335-336. Indeks.
600 -Hasło przedmiotowe w formie nazwy osobowej [1,7]
    • a
    • Nazwa osobowa
    • Derrida, Jacques
    • d
    • Daty związane z nazwą
    • (1930-2004)
    • x
    • Określnik rzeczowy
    • wkład do językoznawstwa.
    • 2
    • Źródło terminu
    • kaba
    • 9
    • KHW
    • 471140
600 -Hasło przedmiotowe w formie nazwy osobowej [1,7]
    • a
    • Nazwa osobowa
    • Saussure, Ferdinand de
    • d
    • Daty związane z nazwą
    • (1857-1913)
    • x
    • Określnik rzeczowy
    • wpływ.
    • 2
    • Źródło terminu
    • kaba
    • 9
    • KHW
    • 471139
650 -Hasło przedmiotowe [ ,7]
    • a
    • Hasło przedmiotowe
    • Teoria literatury.
    • 2
    • Źródło terminu
    • kaba
    • 9
    • KHW
    • 117059
700 -Hasło dodatkowe - nazwa osobowa [1, ]
    • a
    • Nazwa osobowa (NP)
    • Maryl, Maciej. Find
    • e
    • Określenie rodzaju współpracy
    • Tł.
    • 9
    • KHW
    • 402454
710 -Hasło dodatkowe - nazwa ciała zbiorowego [2, ]
    • a
    • Nazwa ciała zbiorowego lub nazwa geograficzna jako pierwszy element (NP)
    • Towarzystwo Autorów i Wydawców Prac Naukowych "Universitas".
    • 4
    • Kod relacji
    • pbl
    • 9
    • KHW
    • 56074
920 -ISBN [ , ]
    • a
    • ISBN
    • 978-83-242-1771-7 Find
Sygnatura Status udost. Numer inwentarzowy Data inwentaryzacji Lokalizacja
POL.Horyzonty Nowoczesności 1021P.269802019-01-21BM